| 000 | 00409cam a2200169ua 4500 | ||
|---|---|---|---|
| 020 | _c3.00 | ||
| 041 |
_amal _h |
||
| 082 |
_a894.812308 _bMAT/DO |
||
| 100 | _aMattam, C K . | ||
| 245 |
_aPoovum Kayum, Vol 4 / _cC K Mattam. _hTextual Documents |
||
| 260 |
_aKottayam : _bThe Good Hope Printers , _c1966. |
||
| 300 | _a182 ; . | ||
| 365 | _a3.00 | ||
| 504 | _a | ||
| 942 | _cBK | ||
| 999 |
_c4377 _d4377 |
||